000 00685nam a2200217 i 4500
001 172634
003 ES-MaACL
005 20230906215004.0
008 090804s1959 fr |||| | fre d
080 _a284.5"15/17"
100 1 _aBourguet, Pierre.
_9141137
245 1 0 _aHuguenots
_b: le sobriquet mystérieux /
_cPierre Bourguet.
260 _aParis :
_bLes Bergers et les Mages,
_c1959.
300 _a86 p. ;
_c18 cm.
490 1 _aLes Bergers et les Mages
500 _aÍndice.
650 0 4 _aHugonotes.
_913497
830 0 _aLes Bergers et les Mages
_9223403
852 4 _aES-MaACL
_jE-12925
_9R.139286
_z. - Biblioteca Jacinto Martínez Lacalle
999 _c172634
_d172634